LIBRARY & INFORMATION CENTRE, KCAET, TAVANUR

ONLINE PUBLIC ACCESS CATALOGUE (OPAC)

Mouse and the Moon - Set Five / (Record no. 3374)

MARC details
000 -LEADER
fixed length control field 00592cam a2200145ua 4500
041 ## - LANGUAGE CODE
Language code of text/sound track or separate title eng
082 ## - DEWEY DECIMAL CLASSIFICATION NUMBER
Classification number 823.301
Item number LON/MO
245 ## - TITLE STATEMENT
Title Mouse and the Moon - Set Five /
260 ## - PUBLICATION, DISTRIBUTION, ETC. (IMPRINT)
Place of publication :
Name of publisher Longmans ,
Year of publication 1962.
300 ## - PHYSICAL DESCRIPTION
Number of Pages 24 ; .
942 ## - ADDED ENTRY ELEMENTS (KOHA)
Koha item type Books

No items available.

free website counter